| 000 | 005070000a22001810004500 | ||
|---|---|---|---|
| 003 | MACL | ||
| 005 | 20150705162848.0 | ||
| 008 | 150705b xxu||||| |||| 00| 0 eng d | ||
| 040 |
_aMACL _cMACL |
||
| 041 | _aEnglish | ||
| 082 | _a320/GRE | ||
| 100 |
_aGreen, Duncan _9970 |
||
| 245 | _aFrom Poverty to Power How Active Citizens and Effective States Can Change the world | ||
| 260 |
_aNew Delhi _bAcademic Fundation _c2008 |
||
| 350 | _a995 | ||
| 650 |
_apolitical Science _988 |
||
| 942 |
_cBK _k300/GRE _2ddc |
||
| 999 |
_c47803 _d47803 |
||